[Event "81st Georgian-ch Men 2022"]
[Site "Tbilisi"]
[Date "2022.01.25"]
[Round "1.1"]
[White "Chkhaidze, Nikoloz"]
[Black "Pantsulaia, Levan"]
[Result "0-1"]
[WhiteElo "2268"]
[BlackElo "2579"]
[Annotator "TA"]
[PlyCount "102"]
[EventDate "2022.01.24"]
[EventType "tourn"]
[EventCountry "GEO"]
[SourceTitle "playchess.com"]
[Source "ChessBase"]
[SourceQuality "1"]

{[%evp 12,102,54,48,81,49,41,40,51,49,47,35,62,61,65,41,58,64,70,68,75,69,105,96,87,43,83,72,152,114,206,213,272,161,155,147,151,125,201,80,186,149,150,159,162,159,158,162,141,143,155,171,266,267,269,260,195,83,229,29,37,37,83,0,0,-43,-32,-91,-29,-93,-93,-104,-101,-103,-103,-239,-245,-246,-191,-194,-23,-213,-222,-596,-610,-601,-595,-587,-533,-526,-512,-598,-491]} 1. d4 Nf6 2. c4 g6 3. Nc3 Bg7 4. e4 {[%cal Be2e4,Be4e5][%mdl 32]} O-O 5. Nf3 c6 6. Be2 d5 7. e5 Ne8 {E70: King's Indian: Miscellaneous lines with 4 e4, including 5 Nge2 and 5 Bd3 0-0 6 Nge2.} 8. cxd5 cxd5 9. h3 Nc6 {White is slightly better.} 10. O-O Nc7 11. Be3 {[#]} b6 $146 ({Predecessor:} 11... Bf5 12. g4 Be6 13. Qd2 Qd7 14. Ng5 f6 15. Nxe6 Qxe6 16. f4 fxe5 17. fxe5 Rfd8 {1-0 (56) Hodovsky,J (2127)-Stratil,P (2165) Czech Republic 2007}) 12. Rc1 Qd7 13. a3 Ba6 14. Bxa6 Nxa6 15. Qa4 Nab8 16. Rc2 Rd8 17. Rfc1 $36 {[%mdl 2048] Black is under strong pressure.} a6 18. b4 ({Better is} 18. h4 $16) 18... Ra7 19. Qb3 Bf8 ({Black should try} 19... e6) 20. Bg5 Qf5 (20... h6 $16 {was worth a try.}) 21. Ne2 $18 (21. Nxd5 Qe6 $14) 21... Rc7 22. Ng3 (22. Qe3 $142) 22... Qd7 23. Qe3 {[%cal Oe5e6]} Rcc8 24. Bh6 Qe8 (24... Na7 $16) 25. h4 (25. e6 $18 {has better winning chances.} f6 26. Bf4) 25... Na7 (25... e6 $16) 26. h5 Rxc2 27. Rxc2 Rc8 28. Rxc8 Qxc8 29. Bxf8 Qxf8 30. hxg6 fxg6 31. Ng5 {Strongly threatening Qb3.} Nb5 (31... h6 {might work better.}) 32. a4 Nc7 33. Qc3 {To avoid Nc6} Qd8 {[#]} 34. Qf3 (34. Nf5 $1 $18 {[%mdl 512] is more deadly. Nh6+ is the strong threat.} Nd7 35. Nh6+ Kg7 36. Nhf7 (36. Qh3 Nf8 $16)) 34... Qe8 (34... Qf8 $16) 35. b5 $2 (35. e6 $18) 35... axb5 $11 36. axb5 e6 {[#]} (36... h6 $14 37. Nh3 e6) 37. Qg4 ({Of course not} 37. Qf6 Nd7 38. Qf4 Nxb5 $15) (37. Qc3 $1 $16 {[%cal Rc3c7]} Nxb5 38. Qd3) 37... Nd7 38. Ne2 (38. Qe2 $11 {deserves consideration.}) 38... Nf8 $1 $15 39. Nf4 (39. Qf4 $15) 39... Qxb5 (39... h6 $17 40. Nf3 Qxb5) 40. Qg3 ({Don't go for} 40. Ngxe6 $2 Ncxe6 41. Nxe6 Qd7 $19) (40. Qh4 $11 {remains equal.}) 40... Qb1+ $17 41. Kh2 Qf5 42. Nf3 b5 {[%cal Bb6b5,Bb5b4,Bb4b3,Bb3b2][%mdl 32]} 43. Nh4 (43. Nd2 $17) 43... Qe4 $19 44. Qg5 Ne8 45. Nf3 Qf5 $2 (45... b4 $19 {aiming for ...b3.} 46. Nh3 b3) 46. Qh4 $2 (46. Qxf5 $11 {and White has nothing to worry.} gxf5 47. Kg1) 46... b4 47. g3 $2 (47. Qg5 Qxg5 48. Nxg5) 47... b3 {Hoping for ...b2. Black is clearly winning.} 48. Qe7 {[#]} b2 $1 49. Nd2 Ng7 50. Qb4 Qc2 51. Kg2 {[#]} Qxd2 $3 {[%mdl 512] Black used his chance.  Weighted Error Value: White=0.47/Black=0.28 (precise)} 0-1

[Event "81st Georgian-ch Men 2022"]
[Site "Tbilisi"]
[Date "2022.01.25"]
[Round "1.3"]
[White "Akhvlediani, Irakli"]
[Black "Gagunashvili, Merab"]
[Result "1/2-1/2"]
[WhiteElo "2430"]
[BlackElo "2573"]
[Annotator "TA"]
[PlyCount "112"]
[EventDate "2022.01.24"]
[EventType "tourn"]
[EventCountry "GEO"]
[SourceTitle "playchess.com"]
[Source "ChessBase"]
[SourceQuality "1"]

{[%evp 18,112,25,0,0,0,41,35,40,40,46,51,45,55,50,56,52,44,45,41,48,35,53,7,45,34,61,63,65,65,66,59,57,42,55,0,0,0,0,0,0,0,0,-14,0,0,0,0,0,-32,0,0,31,31,31,0,0,0,0,0,0,0,0,0,0,0,0,0,0,-8,-8,-8,-8,-8,-8,-8,-8,-8,-8,-8,-8,-8,0,-8,-8,-8,-8,-8,-8,-8,-8,-8,-8,-8,0,0,0]} 1. d4 d6 2. c4 e5 3. Nc3 exd4 4. Qxd4 Nc6 5. Qd2 g6 6. b3 Bg7 7. Bb2 Nf6 8. g3 O-O 9. Bg2 Re8 10. Nh3 {10.Nf3 is the hot move.} Bxh3 {A21: English Opening: 1...e5 2 Nc3.} 11. Bxh3 Ne4 (11... d5 $1 $11 12. cxd5 {[#]} (12. Nxd5 Ne4 $11) 12... Nxd5 $1 13. Nxd5 Bxb2 14. Qxb2 Qxd5) 12. Nxe4 $14 Rxe4 {White is slightly better.} 13. Bg2 {A strong pair of Bishops.} Re8 14. O-O Qe7 {[#]} 15. Bxg7 $146 ({Predecessor:} 15. Rfe1 Bxb2 16. Qxb2 Qe5 17. Qxe5 Rxe5 18. f4 Re3 19. Kf2 Rae8 20. Bxc6 bxc6 21. Rad1 {½-½ (41) Juhasz,A (2314)-Perske,T (2410) Karpacz 2015}) 15... Kxg7 16. e3 {[%cal Oc4c5]} Kg8 17. b4 Ne5 18. Rac1 Rab8 19. Rfd1 a6 20. a4 (20. Qc3 $14 {should be considered.}) 20... h5 {[%cal Oa6a5]} (20... a5 $5) 21. h3 Red8 {[%cal Oa6a5]} 22. a5 Nd7 23. Qd4 Nf8 24. Qc3 {White is much more active. Black has bad knights.} Ne6 25. Rd2 b6 26. axb6 (26. b5 $14) 26... Rxb6 $11 27. c5 dxc5 {White must now prevent ...Rxd2.} 28. bxc5 Rb5 {[%cal Rb5c5]} 29. Rxd8+ Qxd8 30. c6 Rc5 31. Qa3 {[%csl LRa6,LRc5]} Rxc1+ 32. Qxc1 a5 33. Qc2 Qd6 (33... h4 $5 {[%cal Rh4g3]}) 34. Qa2 Nd8 35. Qxa5 Nxc6 36. Qd5 {Inhibits Qd1+.} (36. Qa8+ {feels hotter.} Nd8 37. Bd5 Kg7 38. h4 Qd7 39. Kh2) 36... Qxd5 {The position is equal.} 37. Bxd5 {[%mdl 4096] Endgame KB-KN} Ne7 38. Bc4 Kg7 39. f4 f6 40. e4 g5 41. Kf2 Ng6 42. Kf3 h4 {And now ...hxg3 would win.} 43. Bb3 hxg3 44. fxg5 fxg5 45. Kxg3 Kf6 46. Kg4 c5 47. Ba2 Ne5+ 48. Kg3 Nd3 49. Bc4 Ne5 50. Bb3 Kg6 51. h4 g4 52. Kf4 {[#]} Kh6 $1 53. h5 {[#]} ({Avoid the trap} 53. Kxe5 $2 g3 54. Kd6 g2 $19) 53... c4 $1 54. Bxc4 Nxc4 55. Kxg4 Ne5+ 56. Kf5 Nc4 {Weighted Error Value: White=0.06 (flawless) /Black=0.05 (flawless)} 1/2-1/2

[Event "81st Georgian-ch Men 2022"]
[Site "Tbilisi"]
[Date "2022.01.25"]
[Round "1.5"]
[White "Sanikidze, Tornike"]
[Black "Paichadze, Luka"]
[Result "0-1"]
[WhiteElo "2464"]
[BlackElo "2566"]
[Annotator "TA"]
[PlyCount "62"]
[EventDate "2022.01.24"]
[EventType "tourn"]
[EventCountry "GEO"]
[SourceTitle "playchess.com"]
[Source "ChessBase"]
[SourceQuality "1"]

{[%evp 18,62,31,29,33,24,26,36,31,20,21,0,0,0,0,-82,-82,-481,-473,-478,-456,-606,-608,-601,-584,-588,-456,-545,-538,-547,-552,-555,-526,-552,-536,-520,-518,-552,-547,-530,-530,-541,-540,-533,-506,-488,-469]} 1. d4 Nf6 2. c4 e6 3. Nf3 Bb4+ 4. Bd2 Qe7 5. g3 Nc6 6. Nc3 Bxc3 7. Bxc3 Ne4 8. Rc1 O-O 9. Bg2 d6 10. d5 Nb8 {[%cal Bc6b8,Bb8a6,Ba6c5][%mdl 32] 10...Nd8 is the modern continuation. E11: Bogo-Indian.} 11. dxe6 Bxe6 12. Nd4 Bd7 {White is slightly better.} (12... Bxc4 13. Nf5 Qe6 14. Nxg7 $16 (14. Qd4 Nf6 $14)) 13. Qb3 Nxc3 {[#]} 14. bxc3 $146 ({Predecessor:} 14. Rxc3 Nc6 15. Re3 Qg5 16. Nxc6 Bxc6 17. Bxc6 Qa5+ 18. Qc3 Qxc3+ 19. Rxc3 bxc6 20. Kd2 {½-½ (31) Verhoef,H (2490)-Rogos,J (2363) ICCF email 2011}) 14... Na6 15. Qxb7 Nc5 16. Qb1 ({Of course not} 16. Qxc7 Rac8 17. Qxa7 Nd3+ 18. Kd2 Nxf2 $15) (16. Qf3 $11) 16... Rab8 $36 {[%cal Ba8b8,Bb8b2,Bb2a2,Ba2c2][%mdl 2080] Black is on the roll.} 17. Qc2 {[%mdl 8192] [#]} (17. Nb3 $17) 17... Rb2 $3 $19 {[%mdl 512] Black is clearly winning.} 18. Qd1 Ba4 19. Nc2 Rxa2 20. O-O Rb8 21. Qd2 Nb3 22. Rb1 Qe8 23. Qe3 Rxc2 24. Be4 Ra2 25. Qxa7 Rxe2 26. Rfe1 Rxe1+ ({Weaker is} 26... Rxe4 27. Rxe4 Qxe4 28. Qxb8+ Be8 29. Qxb3 $16) 27. Rxe1 {[%cal Oe4h7] Bxh7+! is the strong threat.} g6 {Hoping for ...Nd2.} 28. Re3 Nc5 29. Bc2 Qd8 30. Bxa4 {[#] Black must now prevent Re8+.} Rb1+ $1 ({Worse is} 30... Ra8 31. Qxa8 Qxa8 32. Re8+ Qxe8 33. Bxe8 $15) 31. Kg2 {Strongly threatening Re8+.} Ra1 {White got outplayed after the opening.  Weighted Error Value: White=0.41/Black=0.05 (flawless)} 0-1

[Event "81st Georgian-ch Men 2022"]
[Site "Tbilisi"]
[Date "2022.01.25"]
[Round "1.6"]
[White "Mchedlishvili, Mikheil"]
[Black "Tutisani, Noe"]
[Result "1/2-1/2"]
[WhiteElo "2587"]
[BlackElo "2419"]
[Annotator "TA"]
[PlyCount "102"]
[EventDate "2022.01.24"]
[EventType "tourn"]
[EventCountry "GEO"]
[SourceTitle "playchess.com"]
[Source "ChessBase"]
[SourceQuality "1"]

{[%evp 21,102,27,27,8,5,24,83,40,95,101,100,95,129,122,142,46,40,51,80,72,108,105,96,95,95,95,105,97,124,127,132,133,129,137,137,108,160,141,127,106,127,116,164,53,46,66,172,134,131,150,131,139,285,261,312,298,316,270,654,612,774,800,835,755,864,820,706,513,524,440,12836,12836,12836,12833,5522,5934,781,0,0,0,0,0,0]} 1. e4 c5 2. Nf3 d6 3. d4 cxd4 4. Nxd4 Nf6 5. Nc3 g6 6. Be3 Bg7 7. f3 O-O 8. Qd2 Nc6 9. O-O-O d5 10. Nxc6 bxc6 11. Bc4 {11.Bh6 is a critical line.} e6 12. Bb3 {B76: Sicilian Dragon: Yugoslav Attack, 9 g4 and 9 0-0-0.} Bb7 13. Na4 dxe4 (13... Qc7 $11) 14. Nc5 {[#]} (14. Qxd8 $1 $16 Raxd8 15. Nc5) 14... Qe7 $146 (14... Qc7 $14) ({Predecessor:} 14... Qxd2+ 15. Rxd2 Rab8 16. Bf4 exf3 17. Bxb8 fxg2 18. Rxg2 Rxb8 19. Rd1 Nd5 20. Re2 Bh6+ {0-1 (40) Hernandez Gil,I (2348)-Diaz Charpentier,K (1898) Chess.com INT 2021}) 15. Qd6 $1 $16 Qxd6 16. Rxd6 Rab8 17. fxe4 Ba8 18. Nd7 (18. h3 $16) 18... Nxd7 $14 19. Rxd7 a5 {[%cal Oa5a4]} 20. Bc5 Rfd8 21. Rhd1 Bh6+ 22. Kb1 Bg5 23. a4 {White is much more active.} Bf6 24. Ka2 h5 25. c3 {And now Ra7 would win.} Rxd7 26. Rxd7 {Threatens to win with Ra7.} Rb7 27. Rd3 {[%cal Oe4e5]} Kg7 28. Bc2 $1 Rb8 (28... h4 $142) 29. Rd7 Rb7 30. Rxb7 Bxb7 $16 {[%mdl 4096] Endgame KBB-KBB} 31. Bb6 Be5 32. h3 ({Don't do} 32. Bxa5 $6 Bxh2 33. Bb6 Ba6 $14) (32. g3 $1 $18) 32... Ba6 $1 $14 {Prevents Bd3.} 33. Bd1 Kh6 ({Black should try} 33... Bc4+ $1 $14 34. Ka3 Bd6+ 35. b4 Bf1) 34. Bxa5 Kg5 35. Bb6 Kf4 36. Bf2 Bd3 (36... Bc4+ $16 37. Ka3 Bd6+ 38. b4 Kxe4) 37. Bf3 f6 38. a5 Bf1 39. Kb3 c5 $2 (39... Ba6 40. Kb4 Bd6+ 41. Bc5 Ke5) 40. Bxc5 $18 g5 41. Bxh5 Bxg2 42. Bg6 f5 43. exf5 exf5 44. Bf7 Bb7 45. c4 Ke4 (45... Kg3 $142 46. Bd5 Bc8) 46. Bd5+ Bxd5 47. cxd5 Kxd5 {[#]} 48. a6 $1 Kc6 {[#]} 49. Kc4 $2 (49. Kc2 $1 $18 {b4 is the strong threat.} g4 {[#]} (49... Bg3 50. Kd3) 50. hxg4 $1 fxg4 51. b4) 49... Bxb2 $11 {The position is equal.} 50. Be3 Bf6 $1 51. Bf2 g4 {Weighted Error Value: White=0.30/Black=0.30} 1/2-1/2

[Event "81st Georgian-ch Men 2022"]
[Site "Tbilisi"]
[Date "2022.01.26"]
[Round "2.1"]
[White "Pantsulaia, Levan"]
[Black "Tutisani, Noe"]
[Result "1-0"]
[WhiteElo "2579"]
[BlackElo "2419"]
[Annotator "TA"]
[PlyCount "57"]
[EventDate "2022.01.24"]
[EventType "tourn"]
[EventCountry "GEO"]
[SourceTitle "playchess.com"]
[Source "ChessBase"]
[SourceQuality "1"]

{[%evp 18,57,18,16,38,25,12,0,46,35,39,37,58,56,49,57,172,174,351,335,322,311,381,352,599,589,601,598,593,589,656,585,884,675,1239,1213,1338,1322,1219,1001,1342,1150]} 1. c4 g6 2. g3 Bg7 3. Bg2 Nf6 4. Nc3 O-O 5. d4 d6 6. Nf3 Nc6 7. O-O e5 8. dxe5 dxe5 9. Bg5 Be6 10. Qa4 Qc8 {E62: King's Indian: Fianchetto: 6...c6 and Panno Variation (6...Nc6) without ...a6.} (10... Qb8 {is more complex.} 11. Rad1 Nd7 12. b3 h6 13. Be3 Kh7) 11. Bxf6 {11.Nd2 is the modern continuation.} Bxf6 12. Nd2 Nd4 (12... Bd7 $11) 13. e3 {[#]} Bd7 $146 {[#]} ({Predecessor:} 13... Nf5 14. Nde4 Bg7 15. Rfd1 c6 16. Nc5 Re8 17. N3e4 Qc7 18. Rd2 a6 19. Rad1 Bc8 {1-0 (43) Froewis,G (2363)-Zelbel,P (2377) Sibenik 2012}) 14. Bxb7 $1 Qxb7 15. Qxd7 Rfd8 16. Qg4 Nc2 {[#]} (16... Ne6 $14) 17. Rad1 $1 $18 Qxb2 $2 (17... Bg7 18. Nb3 Nb4) 18. Nde4 Bg7 19. Qe2 Rxd1 20. Rxd1 ({Less strong is} 20. Qxd1 Na3 $16) 20... Rb8 $2 (20... f5 21. Rb1 Qa3 22. Qxc2 fxe4) 21. Rb1 {White is clearly winning.} Qxb1+ 22. Nxb1 Rxb1+ 23. Kg2 Ne1+ 24. Kh3 Ra1 25. g4 h5 26. gxh5 gxh5 27. Qxh5 {Intending Ng5 and mate.} Rxa2 28. Qd1 f5 29. Ng5 {Weighted Error Value: White=0.17 (very precise) /Black=0.76} 1-0

[Event "81st Georgian-ch Men 2022"]
[Site "Tbilisi"]
[Date "2022.01.26"]
[Round "2.2"]
[White "Paichadze, Luka"]
[Black "Mchedlishvili, Mikheil"]
[Result "0-1"]
[WhiteElo "2566"]
[BlackElo "2587"]
[Annotator "TA"]
[PlyCount "114"]
[EventDate "2022.01.24"]
[EventType "tourn"]
[EventCountry "GEO"]
[SourceTitle "playchess.com"]
[Source "ChessBase"]
[SourceQuality "1"]

{[%evp 18,114,0,0,9,-15,-15,-16,-15,-19,-20,-17,10,10,10,10,2,-14,-13,-8,11,-48,-3,-57,-33,-27,0,-3,-22,-33,-41,-37,-14,-53,-50,-111,-109,-173,-175,-165,-161,-274,-265,-376,-356,-340,-265,-288,-187,-286,-343,-350,-326,-281,-319,-306,-275,-420,-420,-387,-364,-433,-277,-329,-291,-408,-416,-503,-495,-496,-304,-366,-374,-385,-377,-359,-258,-385,-336,-539,-465,-721,-680,-884,-894,-1033,-1031,-977,-908,-891,-783,-926,-919,-896,-924,-890,-844,-630,-602]} 1. e4 e6 2. d4 d5 3. e5 c5 4. c3 Nc6 5. Nf3 Qb6 6. a3 c4 7. Be2 Bd7 8. Nbd2 Na5 9. O-O Ne7 10. Rb1 Nf5 {C02: French: Advance Variation.} 11. Qe1 Ba4 12. Bd1 {To avoid Bc2} Qc6 {The position is equal.} 13. Bxa4 Qxa4 {[#]} 14. Qe2 $146 ({Predecessor:} 14. Qd1 Qxd1 15. Rxd1 h5 16. Nf1 Be7 17. Ne3 Nxe3 18. Bxe3 Rb8 19. Re1 b5 20. Bg5 {½-½ (27) Astanovskaya,Y (1910)-Abatino,M (2163) Amantea 2009}) 14... h5 15. Rd1 Be7 16. Nf1 Nh4 17. Ne1 Nb3 18. Be3 O-O-O 19. Qc2 ({White should play} 19. g3 $11 Nf5 20. h4) 19... Qc6 (19... g5 $15) 20. Nd3 Nf5 21. Nc1 $1 Nxc1 22. Rdxc1 f6 23. exf6 gxf6 24. Re1 Rdg8 25. Ng3 Nh4 26. b4 {White is now going downhill.} (26. Bf4 $15) 26... Bd6 $17 27. f4 {[#]} (27. Kh1 $17) 27... Nxg2 $1 $19 {[%mdl 512]} 28. Kxg2 {Kh1 is the strong threat.} h4 {[%mdl 64] Threatens to win with ...Qc7. Pin} 29. Qe2 (29. Rbd1 $142) 29... e5 (29... hxg3 30. hxg3 e5 31. Qf3 $17) 30. fxe5 (30. Qf3 {only move.} e4 31. Qf2) 30... fxe5 {[%cal Bf6e5,Be5e4][%mdl 32]} (30... hxg3 31. hxg3 fxe5 32. Bf2 $19) 31. Qf3 {[%cal Od4e5]} Qd7 32. Qxd5 e4 33. Bg5 ({Not} 33. Qxc4+ $2 Kb8 34. Qd5 Ka8 $19) (33. Rf1 $142 hxg3 34. h4) 33... Bxg3 {Chess con chili.} ({Less strong is} 33... hxg3 34. h4 $16) 34. Qxd7+ ({Of course not} 34. Qc5+ Bc7 35. Rxe4 Rh5 $19) 34... Kxd7 35. hxg3 Rxg5 {[%mdl 4096] Endgame KRR-KRR} 36. Re3 Rhg8 {[%cal Rg5g3]} 37. Rxe4 (37. Kf2 $142 Rxg3 38. Rh1) 37... Rxg3+ 38. Kh2 Rxc3 39. Rxh4 Rxa3 {White must now prevent ...Rb3.} 40. Rh7+ Kc6 41. b5+ (41. Rh5 $142) 41... Kb6 42. Rh6+ Ka5 43. b6 Ka6 44. bxa7+ Kxa7 45. Rh7 Rb3 46. Rc1 Rc8 {[#] Hoping for ...c3.} 47. d5 (47. Kg2 $142) 47... Ka6 {aiming for ...Rd3.} 48. Ra1+ $2 (48. d6 {was called for.} b5 49. Ra1+ Kb6 50. Rha7) 48... Kb6 {And now ...Kc5 would win. Black is clearly winning.} 49. Rc1 (49. d6 $142 Kc6 50. Rd1) 49... Kc5 50. Rd1 b5 51. d6 Rd8 52. d7 Rd3 53. Rh5+ Kc6 54. Rb1 Rb3 55. Rh6+ Kb7 56. Rd1 Rd3 57. Rb1 Rd5 {Weighted Error Value: White=0.45/Black=0.18 (very precise)} 0-1

[Event "81st Georgian-ch Men 2022"]
[Site "Tbilisi"]
[Date "2022.01.26"]
[Round "2.3"]
[White "Petriashvili, Nikoloz"]
[Black "Sanikidze, Tornike"]
[Result "0-1"]
[WhiteElo "2428"]
[BlackElo "2464"]
[Annotator "TA"]
[PlyCount "80"]
[EventDate "2022.01.24"]
[EventType "tourn"]
[EventCountry "GEO"]
[SourceTitle "playchess.com"]
[Source "ChessBase"]
[SourceQuality "1"]

{[%evp 11,80,29,43,14,8,19,37,0,0,0,0,0,4,4,10,0,0,-27,-35,-18,-19,-30,0,-22,-2,-58,-21,-50,-50,-60,-23,-88,-87,-206,-196,-188,-112,-130,-129,-141,-107,-101,-105,-307,-301,-906,-1031,-1037,-995,-1064,-1062,-1060,-1047,-1039,-1024,-1478,-1454,-1729,-1716,-1718,-1739,-2177,-1058,-954,0,-1756,-1728,-6694,-3100,-29986,-29978]} 1. e4 d6 2. d4 g6 3. Nc3 Bg7 4. Nf3 a6 5. Be3 b5 6. Bd3 Bb7 7. Qd2 {7.a4 is a critical line. B06: Modern Defence.} Nd7 8. O-O Ngf6 9. Bh6 {White is slightly better.} (9. e5 {keeps more tension.} dxe5 10. dxe5 Ng4 11. e6 Nde5 12. Nxe5 Nxe5 13. exf7+ Kxf7 14. Qe2) 9... O-O 10. Rfe1 e5 11. dxe5 {Bxg7 is the strong threat.} dxe5 12. a4 c6 {[#]} 13. Ne2 $146 ({Predecessor:} 13. Bxg7 Kxg7 14. Ne2 Nc5 15. axb5 cxb5 16. Ng3 Qd6 17. Qg5 Qb6 18. Nxe5 Rae8 19. h3 {1-0 (34) Sabel,H (2178)-Mikkonen,M (1934) ICCF email 2015}) 13... Re8 14. b4 Bxh6 15. Qxh6 Qe7 16. Reb1 Nb6 (16... c5 $5 {[%cal Rc5c4]} 17. axb5 axb5 18. Rxa8 (18. Bxb5 cxb4 19. Ng3 Qc5 $11) 18... Rxa8 19. bxc5 (19. Bxb5 cxb4 20. Bxd7 Nxd7 $15) 19... Bxe4 20. Bxe4 Nxe4 $15) 17. a5 Nc8 (17... Nbd7 $5 {[%cal Rc6c5]}) 18. c4 (18. Qe3 $11) 18... Nd6 19. Nd2 {Threatens to win with c5.} bxc4 20. Nxc4 Ndxe4 21. f3 (21. Qe3 $1 $11 {keeps the balance.} Nd6 22. Nxd6 Qxd6 23. Nc3) 21... Nd6 $17 22. Nb6 (22. Ng3 $17 {was called for.}) 22... Rad8 {White must now prevent ...e4.} 23. Ng3 Nc8 (23... e4 $19 24. Be2 Nb5) 24. Bc4 Rd4 {aiming for ...Nxb6.} 25. Rc1 Nxb6 26. axb6 Qd8 ({But not} 26... Qxb4 27. Nf5 $1 Nh5 28. Nxd4 Qxb6 29. Rd1 $1 (29. Bxf7+ Kxf7 30. Qxh7+ Ng7 $17) 29... exd4 30. Rab1 $16) 27. Ne4 $2 (27. Kh1 $17) 27... Rxe4 $19 {Dancing on a razor blade.} 28. fxe4 $2 {[#]} (28. Bxf7+ Kxf7 29. fxe4) 28... Ng4 $1 ({Not} 28... Qxb6+ 29. Kh1 Ng4 30. Bxf7+ Kh8 31. Qh4 Nf2+ 32. Kg1 Nxe4+ 33. Kh1 Nf2+ 34. Kg1 Nh3+ 35. Kh1 Nf2+ 36. Kg1 Nh3+ 37. Kh1 Nf2+ $11) 29. Bxf7+ Kh8 {( -> ...Qd4+)} 30. Ra2 Nxh6 31. Bxe8 Qxb6+ 32. Kh1 Qd8 33. b5 cxb5 34. Rac2 Qxe8 35. Rc7 Qa8 36. Rd7 Bc6 37. Rc7 Bb7 38. Rd7 $1 Bxe4 39. Rcc7 g5 40. h4 Qf8 {Weighted Error Value: White=1.07/Black=0.41} 0-1

[Event "81st Georgian-ch Men 2022"]
[Site "Tbilisi"]
[Date "2022.01.26"]
[Round "2.5"]
[White "Lortkipanidze, Nodar"]
[Black "Akhvlediani, Irakli"]
[Result "1/2-1/2"]
[WhiteElo "2407"]
[BlackElo "2430"]
[Annotator "TA"]
[PlyCount "66"]
[EventDate "2022.01.24"]
[EventType "tourn"]
[EventCountry "GEO"]
[SourceTitle "playchess.com"]
[Source "ChessBase"]
[SourceQuality "1"]

{[%evp 19,66,0,0,7,23,13,6,0,0,0,0,0,0,0,0,0,0,0,7,0,0,0,0,0,0,0,0,0,0,0,0,0,0,0,0,0,0,0,0,0,0,0,0,0,0,0,0,-45,0]} 1. e4 c5 2. Nf3 d6 3. d4 cxd4 4. Nxd4 Nf6 5. Nc3 a6 6. f3 e5 7. Nb3 Be6 8. Be3 Be7 9. Qd2 h5 10. O-O-O Nbd7 11. Nd5 {B90: Sicilian Najdorf: Unusual White 6th moves, 6 Be3 Ng4 and 6 Be3 e5.} Nxd5 12. exd5 Bf5 13. Bd3 {The position is equal. 13.Kb1 is more fashionable.} Bxd3 14. Qxd3 Bg5 {[#]} 15. h3 $146 ({Predecessor:} 15. Kb1 Bxe3 16. Qxe3 Rc8 17. h4 Nf6 18. Qd3 Qc7 19. Nd2 b5 20. Rhe1 O-O 21. Nf1 {1-0 (32) Aronian,L (2767)-Dominguez Perez,L (2739) Saint Louis 2018}) 15... Rc8 16. Kb1 Bxe3 17. Qxe3 Qc7 18. c3 {Active counter play!} Kf8 19. f4 Re8 20. Rhe1 {[%cal Ob3d4]} h4 21. Qf3 Rh6 22. Nd2 Qd8 23. Ne4 Nf6 24. c4 Nxe4 25. Rxe4 {fxe5 is the strong threat.} Rf6 26. Rde1 Rxf4 27. Rxf4 exf4 28. Rxe8+ Qxe8 29. Qxf4 $11 {KQ-KQ} Qe7 30. b3 g5 31. Qg4 Qe1+ 32. Kb2 Qd2+ 33. Kb1 (33. Ka3 $1 $11 {is more appropriate.}) 33... Qd3+ {Not much happened in this game.  Weighted Error Value: White=0.03 (flawless) /Black=0.00 (flawless)} (33... Kg7 $15) 1/2-1/2

[Event "81st Georgian-ch Men 2022"]
[Site "Tbilisi"]
[Date "2022.01.27"]
[Round "3.1"]
[White "Kacharava, Nikolozi"]
[Black "Pantsulaia, Levan"]
[Result "1/2-1/2"]
[WhiteElo "2469"]
[BlackElo "2579"]
[Annotator "TA"]
[PlyCount "90"]
[EventDate "2022.01.24"]
[EventType "tourn"]
[EventCountry "GEO"]
[SourceTitle "playchess.com"]
[Source "ChessBase"]
[SourceQuality "1"]

{[%evp 9,90,6,10,9,11,-32,12,18,8,8,21,12,15,19,22,8,19,0,0,0,0,0,0,0,0,-15,-18,-26,-18,-24,-21,-26,0,-9,-6,-25,-7,0,0,-6,0,0,0,0,0,0,0,0,0,0,0,0,0,0,10,0,0,0,0,0,0,0,0,0,0,0,0,0,0,0,0,0,0,0,0,0,0,0,0,0,0,0,0]} 1. e4 c6 2. d4 d5 3. e5 Bf5 4. h4 h5 5. Bd3 Bxd3 6. Qxd3 {[%cal Oe5e6] B12: Caro-Kann: Advance Variation.} Qa5+ $1 {[%mdl 4] is more profitable than 6...e6 at the moment.} 7. b4 (7. Nd2 $11 {is more appropriate.}) 7... Qa6 (7... Qxb4+ $15 {feels stronger.} 8. Nc3 e6) 8. Qb3 $11 {[%cal Oe5e6]} e6 9. Nf3 Nd7 10. a4 {[#]} Ne7 $146 ({Predecessor:} 10... Rc8 11. Na3 Ne7 12. b5 Qb6 13. c4 c5 14. cxd5 Nxd5 15. Nc4 Qc7 16. Ba3 Be7 {0-1 (31) Subrota,B (2262)-Zia,T (2092) Dhaka 2021}) 11. Nc3 Nf5 12. a5 {Inhibits Qb6.} Be7 13. b5 cxb5 14. Nxb5 {[#] Threatens to win with Nc7+.} Qc6 {To avoid Nc7+} 15. Ba3 Bxa3 16. Nxa3 b5 17. axb6 (17. Nxb5 {seems wilder.} Rb8 18. Rb1 O-O 19. O-O a6 20. Qc3) 17... Nxb6 18. O-O O-O 19. Rfb1 Rfc8 20. Ra2 Rab8 21. Rab2 Nd7 22. Qd3 Rxb2 23. Rxb2 {The position is equal.} a6 24. Rb3 g6 25. g3 Rc7 26. Kg2 Kg7 27. Qd2 Qa4 28. Qb4 Qxb4 29. Rxb4 Rc3 30. Rb7 Nf8 31. Rb3 Rc6 32. Rb4 Rc3 33. Rb3 Rxb3 34. cxb3 {[%mdl 4096] Endgame KNN-KNN} Nd7 35. Kf1 f6 36. exf6+ Kxf6 37. Ke2 e5 38. dxe5+ Nxe5 39. Nxe5 Kxe5 {KN-KN} 40. Kd3 Nd6 41. Nc2 a5 42. Nd4 {Nc6+ is the strong threat.} Ne4 43. Nc6+ Kd6 44. Nxa5 Nxf2+ 45. Kd4 Ne4 {An interesting draw.  Weighted Error Value: White=0.04 (flawless) /Black=0.04 (flawless)} 1/2-1/2